Definitívne výsledky 21. kola periodických aukcií RM-Systému Slovakia, od 29.6.1994 do 12.7.1994

Abecedne usporiadaný zoznam emitentov-akciových spoločností s uvedením aukčných kúpnych cien, ponuky a dopytu a objemov obchodu.

Saved in:
Bibliographic Details
Format: Book Chapter
Language:Slovak
Subjects:
Tags: Add Tag
No Tags, Be the first to tag this record!

MARC

LEADER 00000naa a2200000 4500
001 r015610
005 20221213114410.9
041 0 |a slo 
044 |a SK 
245 1 0 |a Definitívne výsledky 21. kola periodických aukcií RM-Systému Slovakia, od 29.6.1994 do 12.7.1994 
520 |a Abecedne usporiadaný zoznam emitentov-akciových spoločností s uvedením aukčných kúpnych cien, ponuky a dopytu a objemov obchodu. 
610 2 0 |a aukcie 
610 2 0 |a RM-Systém Slovakia 
610 2 0 |a papiere cenné 
610 2 0 |a spoločnosti akciové 
610 2 0 |a obchody mimoburzové 
610 2 0 |a akcie 
610 2 0 |a 1994 
610 2 0 |a jún-júl 
610 2 0 |a trh kapitálový